| 000 | 00886cam a22002897a 4500 | ||
|---|---|---|---|
| 003 | CHAP | ||
| 005 | 20220329135030.0 | ||
| 008 | 971013s1982 r 00010 d | ||
| 010 | _a29844 | ||
| 011 | _a30816 | ||
| 035 | _a34928 | ||
| 040 | _cCHAP | ||
| 090 | _aFolleto 9600 | ||
| 100 | 0 | 0 |
_aMajisu, L. _969943 |
| 245 | 1 | 2 | _aA selected bibliography of agro-forestry |
| 260 |
_aNairobi? : _bConsejo Internacional para la Investigación en Agrosilvicultura, _c1982 |
||
| 300 | _a60 p | ||
| 590 |
_aBATCH-UPD _b10 _c20130110 _lUCH01 _h1559 |
||
| 590 |
_aBATCH-UPD _b10 _c20130410 _lUCH01 _h0956 |
||
| 590 |
_aBATCH-UPD _b10 _c20130913 _lUCH01 _h2205 |
||
| 590 |
_aCONVERSION _b10 _c20130109 _lUCH01 _h1317 |
||
| 650 | 1 | 4 |
_aAgroforestería _xBibliografía. _92159 |
| 700 | 0 |
_aLebelle, R. _965343 |
|
| 901 | _aBK | ||
| 942 | _cFOLL | ||
| 949 |
_aFolleto 9600 _bBC _cFOLL _d-80719 _eTS1 _i34928 _si |
||
| 999 |
_c29844 _d29844 |
||